President Radhakrishnan's speeches and writings, May 1964-67 (Record no. 37698)

MARC details
000 -LEADER
fixed length control field 00313nam a2200109Ia 4500
082 ## - DEWEY DECIMAL CLASSIFICATION NUMBER
Classification number 004
Item number RAD
100 ## - MAIN ENTRY--AUTHOR NAME
Personal name Radhakrishnan, S
245 #0 - TITLE STATEMENT
Title President Radhakrishnan's speeches and writings, May 1964-67
260 ## - PUBLICATION, DISTRIBUTION, ETC. (IMPRINT)
Place of publication India
Name of publisher Publications Division
Year of publication 1969
942 ## - ADDED ENTRY ELEMENTS (KOHA)
Koha item type Books
Holdings
Withdrawn status Lost status Damaged status Not for loan Home library Current library Date acquired Cost, normal purchase price Full call number Accession Number Koha item type
        RRII Library RRII Library 16/12/2021 15.00 004 RAD 18078 Books